Central Library OPAC University of Rajshahi

Administration of law and justice in India : (Record no. 53621)

MARC details
000 -LEADER
fixed length control field 00848cam a2200265 a 4500
001 - CONTROL NUMBER
control field 53621
003 - CONTROL NUMBER IDENTIFIER
rucl marc code BD-RjUL
005 - DATE AND TIME OF LATEST TRANSACTION
control field 20211209080007.0
008 - FIXED-LENGTH DATA ELEMENTS--GENERAL INFORMATION
fixed length control field 161023s1982 ii b 001 0 eng
020 ## - INTERNATIONAL STANDARD BOOK NUMBER
Terms of availability Rs25.00
035 ## - SYSTEM CONTROL NUMBER
System control number (BD-RjUL)
040 ## - CATALOGING SOURCE
Original cataloging agency DLC
Transcribing agency DLC
Modifying agency DLC
-- OCoLC
-- DLC
-- BD-RjUL
Language of cataloging eng
041 ## - LANGUAGE CODE
Language code of text/sound track or separate title eng
082 00 - DEWEY DECIMAL CLASSIFICATION NUMBER
Edition number 23
Classification number 347.54009
Author mark and year BHA 1982
100 1# - MAIN ENTRY--PERSONAL NAME
Personal name Bhattacharjee, S. N.
Fuller form of name (Srimatha Nath)
9 (RLIN) 160438
245 10 - TITLE STATEMENT
Title Administration of law and justice in India :
Remainder of title from the earliest times /
Statement of responsibility, etc. S.N. Bhattacharjee.
260 ## - PUBLICATION, DISTRIBUTION, ETC. (IMPRINT)
Place of publication, distribution, etc. Burdwan :
Name of publisher, distributor, etc. University of Burdwan,
Date of publication, distribution, etc. 1982.
300 ## - PHYSICAL DESCRIPTION
Pagination 258 p. ;
Size 22 cm.
500 ## - GENERAL NOTE
General note Includes index.
504 ## - BIBLIOGRAPHY, ETC. NOTE
Bibliography, etc Bibliography: p. 247-252.
650 #0 - SUBJECT ADDED ENTRY--TOPICAL TERM
Topical term or geographic name as entry element Justice, Administration of
Geographic subdivision India
General subdivision History.
9 (RLIN) 143462
Topical term or geographic name as entry element Law
Geographic subdivision India
General subdivision History.
9 (RLIN) 160439
942 ## - ADDED ENTRY ELEMENTS (KOHA)
Source of classification or shelving scheme Dewey Decimal Classification
Koha item type Books
Holdings
Lost status Source of classification or shelving scheme Damaged status Not for loan Collection code Permanent Location Current Location Shelving location Date acquired Source of acquisition Cost, normal purchase price Total Checkouts Full call number Date last seen Copy number Koha item type
  Dewey Decimal Classification     Non-fiction Central Library, University of Rajshahi Central Library, University of Rajshahi   30/07/1996 Zeitlinger 25.00   347.54009 BHA 1982 23/10/2016 C-2 Books
  Dewey Decimal Classification     Non-fiction Central Library, University of Rajshahi Central Library, University of Rajshahi   30/07/1996 Zeitlinger 25.00   347.54009 BHA 1982 27/12/2016 C-3 Books